Reklamy TVN - Statystyki

Ogólne statystyki
  • Ten quiz został rozwiązany 18 razy
  • Średni wynik to 5 z 17
Statystyki odpowiedzi
Hint Odpowiedź % Poprawnych
Meble Agata Meble
73%
Meble Agata Meble
73%
Bank ING
67%
Fast-Food KFC
67%
Makaron Lubella
67%
Telekomunikacja T-Mobile
60%
Lek na ból brzucha NOS-PA
53%
Produkty mięsne Tarczyński
27%
Biżuteria Yes
13%
Produkty sypkie Basia
7%
Słodycze Merci
7%
Słodycze Merci
7%
Bank Velo Bank
7%
Bank Velo Bank
7%
Słodycze Knoppers
0%
Bank SGB Bank
0%
Lek na przeziębienie Vicks
0%
Nie znaleziono quizów pasujących do podanych kryteriów
Rozkład punktacji
Procent ludzi z każdym wynikiem
Percentyl według liczby udzielonych odpowiedzi
Twoja historia wyników
Nie rozwiązałeś tego quizu